| 000 | 00464nam a2200181Ia 4500 | ||
|---|---|---|---|
| 005 | 20240416034930.0 | ||
| 008 | 240331s9999 xx 000 0 und d | ||
| 020 | _a01417789 | ||
| 082 |
_bCIT _a323.6. |
||
| 245 | 0 |
_aCitizenship : _bpushing the boundaries |
|
| 260 |
_aNew York : _bRoutledge / _c1997 |
||
| 300 | _a190 p ., | ||
| 650 | _aFeminisum | ||
| 700 |
_aCrowley, Helen _eedt |
||
| 700 |
_aLewis, Gail. _eedt |
||
| 700 |
_aWerbner, Pnina _eedt |
||
| 942 | _cL | ||
| 999 |
_c2522 _d2522 |
||